000 00557nam a2200205 a 4500
001 000034035
003 DO-SdBNP
005 20230201101133.0
007 ta
008 110921s2003 dr 000 0 spa d
040 _aDO-SdBNP
_bspa
_cBNPHU
049 _aBNPD
082 4 _bP438e
_222
100 1 _aPérez, Faustino
_91945
245 1 0 _aEspejismos de koloruum /
_cFaustino Pérez.
260 _a[Santo Domingo] :
_bEdiciones Faustino Pérez,
_c2003.
300 _a119 p. :
_bil., retr. ;
_c23 cm.
590 _aInventariado, 2023/BT
942 _2ddc
_cLBS1
999 _c33526
_d33526